Detalles MARC
| 000 -LIDER |
| fixed length control field |
01189nam a2200337Ia 4500 |
| 001 - NÚMERO DE CONTROL |
| Identificador de número de control |
4924 |
| 003 - IDENTIFICACDOR DE NÚMERO DE CONTROL |
| control field |
DO-SdBNP |
| 005 - DATE AND TIME OF LATEST TRANSACTION |
| control field |
20221003130425.0 |
| 008 - ELEMENTOS DE LONGITUD FIJA |
| fixed length control field |
140604s2016 dr 000 0spad |
| 020 ## - ISBN |
| International Standard Book Number |
9789945902310 |
| 040 ## - FUENTE DE CATALOGACIÓN |
| Agencia que crea de manera original el registro |
BPMSU |
| Idioma de catalogación |
spa |
| Agencia que realiza la transcripción |
BPMSU |
| 082 #4 - NÚMERO DE CLASIFICACIÓN DECIMAL DE DEWEY |
| Classification number |
193.9 |
| Edition number |
22 |
| Item number |
B828c 2016 |
| 100 1# - ASIENTO PRINCIPAL -- NOMBRE PERSONAL |
| Nombre personal |
Brea Franco, Luis O. |
| 245 10 - MENCIÓN DE TITULO |
| Título |
Claves para una lectura de Nietzsche : |
| Subtítulo |
prolegómenos a una interpretación de su obra / |
| Mención de responsabilidad |
Brea Franco, Luis O. |
| 250 ## - MENCIÓN DE EDICION |
| Mención de edición |
2a ed. revisada y corregida |
| 260 ## - PUBLICACIÓN, DISTRIBUCIÓN, ETC. (PIE DE IMPRENTA) |
| Lugar de publicación, distribución, etc |
Santo Domingo |
| Nombre del editor, distribuidor, etc. |
Nacional |
| Fecha de publicación, distribución, etc |
2016 |
| 300 ## - DESCRIPCIÓN FÍSICA |
| Extensión |
540 p. ; |
| Dimensiones |
21 cm. |
| 500 ## - NOTA GENERAL |
| Nota general |
Incluye datos biográficos del autor en la solapa de la cubierta |
| 586 ## - AWARDS NOTE |
| Awards note |
Premio Nacional de Ensayo Pedro Henríquez Ureña, 2004 |
| 590 ## - NOTA LOCAL |
| Enlace |
Inventariado, 2022/VM |
| 600 14 - ENCABEZAMIENTO DE MATERIA--NOMBRE PERSONAL |
| Nombre personal |
Nietzsche, Friedrich Wilhelm |
| Fechas asociadas con el nombre |
1844-1900 |
| Subdivisión temática general |
Crítica e interpretación |
| 650 #4 - ENCABEZAMIENTO DE MATERIA--TEMÁTICO |
| Término temático o nombre geográfico como elemento de entrada |
Metafísica |
| 650 #4 - ENCABEZAMIENTO DE MATERIA--TEMÁTICO |
| Término temático o nombre geográfico como elemento de entrada |
Filosofía alemana. |
| 650 #4 - ENCABEZAMIENTO DE MATERIA--TEMÁTICO |
| Término temático o nombre geográfico como elemento de entrada |
Dios |
| Subdivisión temática general |
Aspectos filosóficos. |
| 710 2# - ASIENTO SECUNDARIO -- NOMBRE CORPORATIVO |
| Nombre corporativo o de jurisdicción |
Ministerio de Cultura (República Dominicana) |
| 852 ## - LOCALIZACIÓN |
| Número de copia |
1 |
| 856 ## - UBICACIÓN ELECTRÓNICA Y ACCESO |
| Materiales especificados |
Archivo Digital Biblioteca Nacional |
| 856 ## - UBICACIÓN ELECTRÓNICA Y ACCESO |
| Identificador Uniforme del Recurso (“URI”) |
biblio.bnphu.gob.do/Archivos_Digitales/PDF |
| 910 ## - VALIDACIÓN |
| Validación |
VMateo V./ Validado |
| 942 ## - ADDED ENTRY ELEMENTS (KOHA) |
| Source of classification or shelving scheme |
Dewey Decimal Classification |
| Koha item type |
Libros |